Länderquiz - Statistiken

Allgemein
  • Dieses Quiz wurde 141 mal gespielt
  • Das Durchschnittsergebnis liegt bei 51 aus 72
Antwortstatistiken
Frage Kachel Select % Korrekt
Länder in Europa Kroatien Ja
100%
Länder in Europa Liechtenstein Ja
100%
Länder in Europa Myanmar Nein
100%
Länder in Europa Oman Nein
100%
Länder in Europa Tschad Nein
100%
Städte in Deutschland Berlin Ja
99%
Hauptstädte in Europa Brasilia Nein
99%
Städte in Deutschland Düsseldorf Ja
99%
Städte in Deutschland Flensburg Ja
99%
Länder in Europa Frankreich Ja
99%
Städte in Deutschland Nürnberg Ja
99%
Hauptstädte in Europa Rom Ja
99%
Länder in Europa Slowenien Ja
99%
Länder in Europa Suriname Nein
99%
Städte in Deutschland Vilnius Nein
99%
Städte in Deutschland Zürich Nein
99%
Hauptstädte in Europa Oslo Ja
97%
Hauptstädte in Europa Ottawa Nein
97%
Hauptstädte in Europa Kiew Ja
96%
Städte in Deutschland Straßburg Nein
96%
Hauptstädte in Europa Lima Nein
94%
Länder mit weniger als 50.000 Einwohnern Russland Nein
94%
Städte in Deutschland Pressburg Nein
92%
Länder mit weniger als 50.000 Einwohnern Vatikan Ja
90%
Hauptstädte in Europa Sarajevo Ja
89%
Länder in Europa Belarus Ja
88%
Größten Afrikanischen Länder >1.000.000km² Benin Nein
88%
Größten Afrikanischen Länder >1.000.000km² Eswatini Nein
88%
Städte in Deutschland Insbruck Nein
87%
Staaten in Brasilien Saarland Nein
86%
Hauptstädte in Europa Istanbul Nein
82%
Hauptstädte in Europa Barcelona Nein
80%
Länder mit weniger als 50.000 Einwohnern Nauru Ja
80%
Staaten in Brasilien Queensland Nein
80%
Größten Afrikanischen Länder >1.000.000km² Senegal Nein
77%
Größten Afrikanischen Länder >1.000.000km² Sudan Ja
76%
Länder mit weniger als 50.000 Einwohnern Tuvalu Ja
76%
Größten Afrikanischen Länder >1.000.000km² Algerien Ja
74%
Länder mit einer Durchschnittsgröße >1,75m (m+f) Spanien Nein
73%
Länder mit einer Durchschnittsgröße >1,75m (m+f) Argentinien Nein
72%
Länder mit weniger als 50.000 Einwohnern Palau Ja
70%
Größten Afrikanischen Länder >1.000.000km² Südafrika Ja
70%
Orte in Kolumbien Colombia Ja
69%
Länder mit weniger als 50.000 Einwohnern Dominica Nein
69%
Länder mit einer Durchschnittsgröße >1,75m (m+f) Niederlande Ja
69%
Staaten in Brasilien Parana Ja
69%
Staaten in Brasilien Odisha Nein
66%
Länder mit einer Durchschnittsgröße >1,75m (m+f) Dänemark Ja
64%
Staaten in Brasilien Bahia Ja
61%
Länder mit weniger als 50.000 Einwohnern Monaco Ja
61%
Staaten in Brasilien Amazonas Ja
59%
Länder mit weniger als 50.000 Einwohnern Antigua und Barbuda Nein
56%
Größten Afrikanischen Länder >1.000.000km² Kenia Nein
55%
Staaten in Brasilien Oaxaca Nein
53%
Länder mit einer Durchschnittsgröße >1,75m (m+f) USA Nein
52%
Staaten in Brasilien Amapa Ja
50%
Größten Afrikanischen Länder >1.000.000km² Angola Ja
48%
Orte in Kolumbien El Peru Ja
48%
Länder mit einer Durchschnittsgröße >1,75m (m+f) Island Ja
48%
Länder mit weniger als 50.000 Einwohnern Andorra Nein
45%
Orte in Kolumbien El Tirol Ja
45%
Länder mit einer Durchschnittsgröße >1,75m (m+f) Estland Ja
40%
Größten Afrikanischen Länder >1.000.000km² Nigeria Nein
30%
Orte in Kolumbien Siberia Ja
26%
Staaten in Brasilien Sergibe Ja
23%
Länder mit einer Durchschnittsgröße >1,75m (m+f) Deutschland Nein
21%
Orte in Kolumbien Milan Ja
17%
Länder mit einer Durchschnittsgröße >1,75m (m+f) Montenegro Ja
13%
Orte in Kolumbien Buenos Aires Ja
6%
Orte in Kolumbien Los Angeles Ja
6%
Orte in Kolumbien Berlin Ja
3%
Orte in Kolumbien Las Vegas Ja
3%
Keine übereinstimmenden Quizze gefunden
Verteilung der Resultate
Anzahl Personen mit jedem Resultat
Perzentil nach korrekt beantworteten Fragen
Ihre Resultats-Entwicklung
Sie haben dieses Quiz noch nicht gespielt